| 000 | 01006nam a22002537a 4500 | ||
|---|---|---|---|
| 005 | 20170123162354.0 | ||
| 010 | _a210347 | ||
| 020 | _c00.00 | ||
| 035 | _a210347 | ||
| 037 | _bCen Lib/Ret | ||
| 040 |
_aDPL _bUR |
||
| 082 |
_a921 _bا ب ل |
||
| 100 |
_aآزاد، ابُوالکلام _9113160 |
||
| 245 |
_a: غُبارِ خاطِر _cابُوالکلام آزاد _b/ قلعہ احمد نگر کی سیری (١٩ اگست ١٩٤٢ تا ١٥ جوں ١٩٤٥ ) کے زمانے کی تحریرات |
||
| 246 |
_aGubar-e- khatir: qila Ahmad nagar ki siri (19 august- 15 june 1945) ke zamane ki tehrirat / _bby Abul Kalam Azad |
||
| 260 |
_aلاہور _bمکتبہ احرار پبلشرز _c00?? |
||
| 270 | _bلاہور | ||
| 300 |
_a308p. _c20cmHb) |
||
| 650 |
_a سوانح _9137987 |
||
| 650 |
_aسیاسی رہنما _zہندوستان _9452 |
||
| 650 |
_v _aBiography _97490 |
||
| 650 |
_aPolitical leader _zIndia _9454 |
||
| 942 |
_2ddc _cUR _h921 _mا ب ل |
||
| 999 |
_c109475 _d109475 |
||